Byzanz, Osmanisches Reich, türkischer Nationalstaat: zur Gleichzeitigkeit des Ungleichzeitigen am Vorabend des Ersten Weltkrieges

Saved in:
Bibliographic Details
Main Author: Ursinus, Michael (Author)
Format: Chapter/Article
Language:German
Published: 2000
In: Das Verdämmern der Macht
Year: 2000, Pages: 153-172
Online Access: Get full text
Author Notes:Michael Ursinus

MARC

LEADER 00000caa a22000002c 4500
001 1484046846
003 DE-627
005 20220811112311.0
007 tu
008 140905s2000 xx ||||| 00| ||ger c
035 |a (DE-627)1484046846 
035 |a (DE-576)414046846 
035 |a (DE-599)BSZ414046846 
035 |a (OCoLC)1340645885 
040 |a DE-627  |b ger  |c DE-627  |e rakwb 
041 |a ger 
084 |a 63  |2 sdnb 
100 1 |a Ursinus, Michael  |d 1950-  |0 (DE-588)1021996041  |0 (DE-627)715848615  |0 (DE-576)364456329  |4 aut 
245 1 0 |a Byzanz, Osmanisches Reich, türkischer Nationalstaat  |b zur Gleichzeitigkeit des Ungleichzeitigen am Vorabend des Ersten Weltkrieges  |c Michael Ursinus 
264 1 |c 2000 
300 |a 20 
336 |a Text  |b txt  |2 rdacontent 
337 |a ohne Hilfsmittel zu benutzen  |b n  |2 rdamedia 
338 |a Band  |b nc  |2 rdacarrier 
773 0 8 |i In  |t Das Verdämmern der Macht  |b Orig.-Ausg.  |d Frankfurt am Main : Fischer-Taschenbuch-Verl., 2000  |g (2000), Seite 153-172  |h 285 S  |w (DE-627)315065796  |w (DE-576)059875887  |z 3596135346  |7 nnam  |a Byzanz, Osmanisches Reich, türkischer Nationalstaat zur Gleichzeitigkeit des Ungleichzeitigen am Vorabend des Ersten Weltkrieges 
773 1 8 |g year:2000  |g pages:153-172  |g extent:20  |a Byzanz, Osmanisches Reich, türkischer Nationalstaat zur Gleichzeitigkeit des Ungleichzeitigen am Vorabend des Ersten Weltkrieges 
951 |a AR 
992 |a 20140905 
993 |a BookComponentPart 
994 |a 2000 
998 |g 1021996041  |a Ursinus, Michael  |m 1021996041:Ursinus, Michael  |d 70000  |d 70800  |e 70000PU1021996041  |e 70800PU1021996041  |k 0/70000/  |k 1/70000/70800/  |p 1  |x j  |y j 
999 |a KXP-PPN1484046846  |e 2814017691 
BIB |a Y 
JSO |a {"origin":[{"dateIssuedDisp":"2000","dateIssuedKey":"2000"}],"title":[{"subtitle":"zur Gleichzeitigkeit des Ungleichzeitigen am Vorabend des Ersten Weltkrieges","title":"Byzanz, Osmanisches Reich, türkischer Nationalstaat","title_sort":"Byzanz, Osmanisches Reich, türkischer Nationalstaat"}],"relHost":[{"id":{"isbn":["3596135346"],"eki":["315065796"]},"person":[{"role":"oth","family":"Baumgärtner","given":"Ingrid","display":"Baumgärtner, Ingrid"},{"display":"Lorenz, Richard","given":"Richard","role":"edt","family":"Lorenz"}],"language":["ger"],"recId":"315065796","type":{"bibl":"edited-book"},"name":{"displayForm":["mit Beitr. von Ingrid Baumgärtner ... Hrsg. von Richard Lorenz"]},"physDesc":[{"extent":"285 S","noteFormat":"19 cm"}],"origin":[{"publisher":"Fischer-Taschenbuch-Verl.","edition":"Orig.-Ausg.","publisherPlace":"Frankfurt am Main","dateIssuedDisp":"2000","dateIssuedKey":"2000"}],"title":[{"subtitle":"vom Untergang großer Reiche","title_sort":"Verdämmern der Macht","title":"Das Verdämmern der Macht"}],"note":["Literaturangaben"],"disp":"Byzanz, Osmanisches Reich, türkischer Nationalstaat zur Gleichzeitigkeit des Ungleichzeitigen am Vorabend des Ersten WeltkriegesDas Verdämmern der Macht","part":{"pages":"153-172","extent":"20","year":"2000","text":"(2000), Seite 153-172"}}],"person":[{"display":"Ursinus, Michael","given":"Michael","role":"aut","family":"Ursinus"}],"language":["ger"],"recId":"1484046846","id":{"eki":["1484046846"]},"physDesc":[{"extent":"20 S."}],"name":{"displayForm":["Michael Ursinus"]},"type":{"bibl":"chapter"}} 
SRT |a URSINUSMICBYZANZOSMA2000